000 00782nam a2200217 i 4500
001 125795
003 ES-MaACL
005 20260115175402.0
007 t|
008 070214s1961 sp r ||||1| cat d
100 1 _aReglá, Juan,
_d1917-1973
_995897
245 1 0 _aJoan Serrallonga
_b: vida y mite del famós bandoler /
_cJoan Reglá ; amb un estudi sobre Serrallonga a la Literatura per Joan Fuster.
260 _aBarcelona :
_bAedos,
_c1961.
300 _a274 p., 11 lám. ;
_c22 cm.
490 1 _aBiblioteca biográfica catalana ;
_v29
600 1 7 _aSerrallonga,
_d1594-1634
_2
_9165956
700 1 _aFuster, Joan,
_d1922-1992
_9163689
830 0 0 _aBiblioteca biográfica catalana
_v29
_9181786
852 _aES-MaACL
_jF-6629
_bR.49578
999 _c125795
_d125795